[Event "Challenge"]
[Site "http://www.queenalice.com/game.php?id=451790"]
[Date "2008.8.22"]
[Round "-"]
[White "corbe"]
[Black "mmtomaz"]
[Result "0-1"]
[WhiteElo "1254"]
[BlackElo "1500"]

1. e4 e5 2. Nc3 Nf6 3. Nf3 Bd6 4. Bd3 O-O 5. Ng5 Bc5 6. h4 d6 7. h5 h6 8. Nf3
Ng4 9. Rf1 Nc6 10. Bc4 Nd4 11. Rb1 Nxf3+ 12. Ke2 Ng5 13. f3 Nf6 14. d3 Nxh5 15.
f4 Bg4+ 16. Rf3 Nxf4+ 17. Kf1 Nxf3 18. gxf3 Bh3+ 19. Ke1 Qh4+ 20. Kd2 Qf2+ 21.
Ne2 Nxe2 22. c3 Nd4+ 23. Qe2 Qxe2# 0-1

[Event "Challenge"]
[Site "http://www.queenalice.com/game.php?id=453378"]
[Date "2008.8.25"]
[Round "-"]
[White "ZUMBI"]
[Black "mmtomaz"]
[Result "0-1"]
[WhiteElo "1699"]
[BlackElo "1756"]

1. e4 e5 2. Nf3 Nc6 3. Nc3 Bc5 4. Bc4 h6 5. O-O d6 6. Nb5 Na5 7. Bd5 Nf6 8. d4
exd4 9. Nfxd4 Nxe4 10. Bxe4 O-O 11. Be3 Nc4 12. Bf4 a6 13. Nc3 Nxb2 14. Qh5 Bxd4
15. Nd5 f5 16. Bd3 Nxd3 17. cxd3 Qe8 18. Qxe8 Rxe8 19. Nxc7 Bd7 20. Nxa8 Rxa8
21. Bxd6 Bxa1 22. Rxa1 Rd8 23. h4 Bb5 24. Bc7 Rxd3 25. a4 Bc6 26. a5 Rc3 27. h5
Bxg2 28. Kxg2 Rxc7 29. Re1 Kf7 30. f4 g6 31. hxg6+ Kxg6 32. Re6+ Kh5 33. Kg3
Rg7+ 34. Kf3 Rg6 35. Re7 b6 36. axb6 Rxb6 37. Ke3 a5 38. Kd4 Ra6 39. Ke5 Kg4 40.
Rf7 a4 41. Rxf5 a3 42. Rf6 Rxf6 43. Kxf6 Kh5 44. f5 a2 45. Kg7 a1=Q+ 46. f6 Kg5
47. Kf7 Qxf6+ 48. Kg8 h5 49. Kh7 h4 50. Kg8 h3 51. Kh7 h2 52. Kg8 Qa1 53. Kh7
h1=Q+ 54. Kg8 Qb7 55. Kf8 Qaa8# 0-1

[Event "Challenge"]
[Site "http://www.queenalice.com/game.php?id=453379"]
[Date "2008.8.25"]
[Round "-"]
[White "mmtomaz"]
[Black "ZUMBI"]
[Result "1-0"]
[WhiteElo "1614"]
[BlackElo "1681"]

1. d4 d5 2. Bf4 Nf6 3. Nf3 Nc6 4. Nc3 Bg4 5. h3 Bh5 6. g4 Bg6 7. Nb5 Nb4 8. Rc1
Nxa2 9. Ra1 e5 10. Bxe5 Bd6 11. Rxa2 Bxe5 12. Nxe5 Ne4 13. Qa1 O-O 14. Bg2 Qh4
15. O-O Nd2 16. Nf3 Nxf3+ 17. exf3 Bxc2 18. Nxc7 Rac8 19. Nxd5 Rcd8 20. Ne3 Bd3
21. Rc1 a6 22. b4 h5 23. d5 hxg4 24. fxg4 Rde8 25. Rd2 Be4 26. d6 f5 27. Nxf5
Bxf5 28. gxf5 Rxf5 29. d7 Ra8 30. Rc8+ Rxc8 31. dxc8=Q+ Rf8 32. Qa2+ Kh7 33.
Qxf8 a5 34. Qag8+ Kg6 35. Qgxg7+ Kh5 36. Qfh8# 1-0

[Event "Challenge"]
[Site "http://www.queenalice.com/game.php?id=458395"]
[Date "2008.9.4"]
[Round "-"]
[White "mmtomaz"]
[Black "SardeBR"]
[Result "0-1"]
[WhiteElo "1751"]
[BlackElo "1801"]

1. e4 e5 2. Bc4 Nf6 3. Nf3 d6 4. Ng5 d5 5. exd5 Nxd5 6. d3 Be7 7. Ne4 Nb6 8.
Nbc3 Nxc4 9. O-O f5 10. Ng3 g6 11. dxc4 Qxd1 12. Rxd1 f4 13. Nge4 Bf5 14. Rd5
Nd7 15. f3 c6 16. Rd2 Bb4 17. Rd3 Bxc3 18. Rxc3 Bxe4 19. fxe4 h5 20. b3 c5 21.
Bb2 b6 0-1

[Event "Challenge"]
[Site "http://www.queenalice.com/game.php?id=458396"]
[Date "2008.9.4"]
[Round "-"]
[White "SardeBR"]
[Black "mmtomaz"]
[Result "1-0"]
[WhiteElo "1815"]
[BlackElo "1664"]

1. Nf3 Nc6 2. d4 d5 3. e3 a6 4. c4 e6 5. c5 Nf6 6. b4 Be7 7. a3 O-O 8. Nc3 Ne4
9. Nxe4 dxe4 10. Nd2 e5 11. Nxe4 exd4 12. exd4 Qxd4 13. Qxd4 Nxd4 14. Ra2 Be6
15. Rb2 Nb5 16. Bxb5 axb5 17. Re2 Bc4 18. Rd2 f5 19. Ng3 Bg5 20. Rd1 1-0

[Event "Challenge"]
[Site "http://www.queenalice.com/game.php?id=471236"]
[Date "2008.10.1"]
[Round "-"]
[White "sioux"]
[Black "mmtomaz"]
[Result "0-1"]
[WhiteElo "1713"]
[BlackElo "1799"]

1. e4 e5 2. Nf3 Nc6 3. Bc4 Nf6 4. Ng5 d5 5. exd5 Nxd5 6. d3 h6 7. Nf3 Bb4+ 8.
Bd2 O-O 9. c3 Bc5 10. O-O Bg4 11. b4 Bb6 12. a4 a5 13. b5 Nce7 14. h3 Bh5 15.
Qe1 Qd6 16. Nxe5 Rae8 17. d4 c5 18. bxc6 Nxc6 19. Bf4 Nxe5 20. dxe5 Qc5 21. Be3
Qxc4 22. Na3 Qxa4 23. c4 Nxe3 24. fxe3 Rxe5 25. g4 Rxe3 26. Qxe3 Bxe3+ 27. Kg2
Bg6 28. Rfb1 Bxb1 29. Kf3 Bd4 30. Rxb1 Qxa3+ 0-1

[Event "Challenge"]
[Site "http://www.queenalice.com/game.php?id=481527"]
[Date "2008.10.23"]
[Round "-"]
[White "miguelnalexandre"]
[Black "mmtomaz"]
[Result "1-0"]
[WhiteElo "1823"]
[BlackElo "1826"]

1. e4 e5 2. f4 exf4 3. Nf3 Bc5 4. d4 Bb6 5. Bxf4 Nf6 6. Nc3 O-O 7. e5 Qe7 8. Be2
Ng4 9. Bg5 Qe6 10. d5 Qg6 11. Bd3 Qh5 12. h3 Nf2 13. g4 Nxd1 14. gxh5 Nxb2 15.
Be4 h6 16. Bc1 Nc4 17. Bd3 Na5 18. Ba3 Re8 19. O-O-O d6 20. Rde1 Bf2 21. Re2 Bg3
22. exd6 Rxe2 23. Nxe2 Bxd6 24. Bb2 Bd7 25. Rg1 f6 26. Bc3 b6 27. Bxf6 Bf8 28.
Be5 Bxh3 29. Nf4 Bc8 30. Ne6 Bxe6 31. dxe6 Nbc6 32. Bxc7 Ne7 33. Bf4 Nac6 34.
Bxh6 Nb4 35. Be4 Rc8 36. Kb2 Nec6 37. c3 Na5 38. cxb4 Nc4+ 39. Kb3 Nd6 40. Bd3
Re8 41. Nd4 Kh8 42. Bf4 Nc8 43. Bg6 Re7 44. Rc1 1-0

[Event "Challenge"]
[Site "http://www.queenalice.com/game.php?id=482581"]
[Date "2008.10.24"]
[Round "-"]
[White "Aguinaldo"]
[Black "mmtomaz"]
[Result "1-0"]
[WhiteElo "1863"]
[BlackElo "1863"]

1. e4 e5 2. Nf3 Nc6 3. Bb5 a6 4. Bxc6 dxc6 5. d4 Nf6 6. Bg5 Bg4 7. Bxf6 gxf6 8.
h3 Bh5 9. g4 Bg6 10. Nc3 Bb4 11. dxe5 Qxd1+ 12. Kxd1 Bxc3 13. bxc3 Bxe4 14. Ke2
Bxc2 15. exf6 O-O-O 16. Nd4 Rhe8+ 17. Kd2 Be4 18. Rhe1 Bg2 19. Rxe8 Rxe8 20. h4
Re4 21. f3 Rf4 22. Ke3 Rxf6 23. Rg1 Bh3 24. Rg3 Bf1 25. g5 Rd6 26. Rg1 Bc4 27.
a3 c5 28. Nf5 Rd3+ 29. Kf2 Rxc3 30. Ra1 Bd5 31. Ne7+ Kd7 32. Nxd5 Rb3 33. Nf6+
Kc6 34. Nxh7 c4 35. Nf6 c3 36. Ne4 a5 37. Rc1 Rxa3 38. Nxc3 Rxc3 39. Rxc3+ Kb6
40. h5 Kb5 41. Rxc7 b6 42. Rxf7 Kb4 43. h6 a4 44. h7 1-0

[Event "Challenge"]
[Site "http://www.queenalice.com/game.php?id=491130"]
[Date "2008.11.10"]
[Round "-"]
[White "JCOELHO"]
[Black "mmtomaz"]
[Result "0-1"]
[WhiteElo "1838"]
[BlackElo "1826"]

1. e4 e5 2. Nf3 Nc6 3. Nc3 Nf6 4. Bb5 a6 5. Ba4 Bc5 6. h3 d6 7. Ng5 O-O 8. d3 h6
9. Nf3 Be6 10. O-O b5 11. Bb3 Nh5 12. Nh4 Qxh4 13. a4 b4 14. Nd5 Rac8 15. c4
bxc3 16. bxc3 Na5 17. Bc2 Rfe8 18. d4 Ba7 19. Be3 exd4 20. Bxd4 Bxd4 21. Qxd4
Nf4 22. Nxf4 Qxf4 23. g3 Qg5 24. h4 Qg4 25. Qa7 Bc4 26. Rfe1 d5 27. Qc5 Nb7 28.
Qd4 c5 29. Qe3 Re5 30. Rab1 Rc7 31. Bd1 Qxe4 32. Bb3 Qxe3 33. Rxe3 Rxe3 34. fxe3
Nd6 35. Bxc4 Nxc4 36. Rb8+ Kh7 37. g4 Nxe3 38. Re8 Nxg4 39. Rd8 Nf6 40. a5 c4
41. Kg2 Rc5 42. Rf8 Rxa5 43. Rxf7 Ra3 44. Ra7 Ne4 45. Kf3 Rxc3+ 46. Kf4 Ra3 47.
Ke5 Ra5 48. Rd7 Nf6 49. Rf7 c3 50. Rc7 Ra3 51. h5 a5 52. Rc8 a4 0-1

[Event "Challenge"]
[Site "http://www.queenalice.com/game.php?id=515867"]
[Date "2009.1.2"]
[Round "-"]
[White "mmtomaz"]
[Black "toldowisk"]
[Result "0-1"]
[WhiteElo "1873"]
[BlackElo "2120"]

1. e4 e5 2. Bc4 Nf6 3. Nc3 Nxe4 4. Nxe4 d5 5. Bxd5 Qxd5 6. d3 Be7 7. Nf3 Bf5 8.
O-O O-O 9. Nc3 Qe6 10. Re1 Nc6 11. a3 Qf6 12. Nd5 Qd6 13. c4 Rfe8 14. d4 Bf6 15.
Bg5 Bxg5 16. Nxg5 exd4 17. Rxe8+ Rxe8 18. Qf3 Bg6 19. g4 Ne5 20. Qf4 Nxc4 21.
Qxd4 Ne5 22. Re1 f6 23. f4 Nxg4 24. Rxe8+ Bxe8 25. Qc4 Kh8 26. h3 fxg5 27. hxg4
gxf4 28. Nxf4 Bc6 29. Qf1 Qd4+ 30. Qf2 Qe4 31. Kh2 Qe5 32. Kh3 Qf6 33. Qe3 g5
34. Ne6 Qh6+ 0-1

[Event "Challenge"]
[Site "http://www.queenalice.com/game.php?id=534562"]
[Date "2009.2.3"]
[Round "-"]
[White "mmtomaz"]
[Black "vlado"]
[Result "1-0"]
[WhiteElo "1853"]
[BlackElo "1772"]

1. e4 d5 2. e5 Nc6 3. Nf3 Bg4 4. Bb5 Bxf3 5. Qxf3 a6 6. Ba4 b5 7. Bb3 Nxe5 8.
Qf5 f6 9. d3 g6 10. Qe6 c6 11. Bf4 Bg7 12. Bxe5 fxe5 13. Qxc6+ Kf8 14. Nc3 d4
15. Ne4 Rc8 16. Qxa6 Rb8 17. Ng5 Nh6 18. Ne6+ Ke8 19. Nxd8 Kxd8 20. Qa7 Rc8 21.
Be6 Rc7 22. Qb8+ 1-0

[Event "Let's Play Chess!"]
[Site "http://www.queenalice.com/game.php?id=542522"]
[Date "2009.2.19"]
[Round "-"]
[White "dida"]
[Black "mmtomaz"]
[Result "0-1"]
[WhiteElo "1312"]
[BlackElo "1864"]

1. e4 e5 2. Bc4 Nf6 3. Qf3 Nc6 4. c3 a6 5. b4 b5 6. Bd5 Bd6 7. h3 O-O 8. a3 Nxd5
9. exd5 Ne7 10. d3 Bb7 11. c4 bxc4 12. dxc4 c6 13. dxc6 Bxc6 14. Qe3 Nf5 15. Qe2
Bxg2 16. Rh2 Bc6 17. h4 Nd4 0-1

[Event "Challenge"]
[Site "http://www.queenalice.com/game.php?id=590720"]
[Date "2009.5.19"]
[Round "-"]
[White "mmtomaz"]
[Black "Wino"]
[Result "1-0"]
[WhiteElo "1881"]
[BlackElo "1895"]

1. e4 d6 2. Bc4 Nf6 3. Nc3 g6 4. Qf3 Bg7 5. Nd5 Nc6 6. c3 Ne5 7. Qe2 Nxc4 8.
Qxc4 Nxd5 9. Qxd5 c6 10. Qc4 Be6 11. Qb4 b5 12. Nf3 a5 13. Qa3 Bc4 14. b3 Bd3
15. Nd4 Bxe4 16. f3 Bd3 17. Nxc6 Qd7 18. Nb4 Bf5 19. Nd5 O-O 20. Nb6 Qe6+ 21.
Kd1 Ra6 22. Re1 1-0

[Event "Challenge"]
[Site "http://www.queenalice.com/game.php?id=590721"]
[Date "2009.5.19"]
[Round "-"]
[White "mmtomaz"]
[Black "matamuff"]
[Result "1-0"]
[WhiteElo "1864"]
[BlackElo "1783"]

1. e4 c5 2. Nf3 Nc6 3. Bb5 d6 4. Nc3 a6 5. Bc4 e6 6. d4 cxd4 7. Nxd4 g6 8. Qf3
Bg7 9. Nxc6 bxc6 10. O-O d5 11. Rd1 Qh4 12. g3 Qf6 13. Qxf6 Nxf6 14. exd5 cxd5
15. Be2 O-O 16. Bg5 Bb7 17. Bf3 Rab8 18. Na4 Ne4 19. Be7 Rfe8 20. Ba3 Bf8 21.
Nb6 Bc5 22. Nd7 Rbc8 23. Bxe4 Bxa3 24. Nf6+ Kg7 25. Nxe8+ Kh6 26. Nd6 Bxb2 27.
Rab1 Rxc2 28. Bxc2 1-0

[Event "Challenge"]
[Site "http://www.queenalice.com/game.php?id=593640"]
[Date "2009.5.25"]
[Round "-"]
[White "Gaelle"]
[Black "mmtomaz"]
[Result "0-1"]
[WhiteElo "1529"]
[BlackElo "1902"]

1. e4 e5 2. Qf3 Nf6 3. d3 h6 4. Nc3 Bb4 5. a3 Ba5 6. b4 Bb6 7. Nb5 O-O 8. Nh3 a6
9. Nc3 d6 10. a4 Ng4 11. Nd5 Bd4 12. c3 Bb6 13. Nxb6 cxb6 14. Ba3 b5 15. d4 bxa4
16. dxe5 Nxe5 17. Qh5 Qc7 18. Rd1 Qxc3+ 19. Rd2 Qxa3 20. Rxd6 Qxb4+ 21. Rd2
Qxe4+ 22. Re2 Qb1+ 23. Kd2 Nc4+ 24. Kc3 Qb3+ 25. Kd4 Rd8+ 26. Ke4 Qd3+ 27. Kf4
Rd4+ 28. Re4 Rxe4# 0-1

[Event "Challenge"]
[Site "http://www.queenalice.com/game.php?id=621730"]
[Date "2009.7.20"]
[Round "-"]
[White "mmtomaz"]
[Black "magalhaes_br"]
[Result "1-0"]
[WhiteElo "1903"]
[BlackElo "1308"]

1. e4 e5 2. Bc4 Qe7 3. Nf3 Nc6 4. d3 h6 5. Nc3 Nf6 6. Nb5 Kd8 7. Nc3 Nb4 8. a3
Nc6 9. d4 Qd6 10. d5 Ne7 11. Be3 g5 12. Nb5 Qa6 13. Qd3 d6 14. Nxc7 Kxc7 15.
Bxa6 bxa6 16. Qc4+ Kd8 17. O-O Bb7 18. Qb3 Rb8 19. Bxa7 Rc8 20. Qxb7 Ng4 21.
Qxa6 f5 22. Qxd6+ Ke8 23. exf5 Nxf5 24. Qe6+ Kd8 25. Qxf5 h5 26. Nxg5 Rxc2 27.
Qxc2 Ke7 28. Qg6 Kd7 29. Qc6+ Ke7 30. Qe6+ Kd8 31. Bb6# 1-0

[Event "Let's Play Chess!"]
[Site "http://www.queenalice.com/game.php?id=631812"]
[Date "2009.8.7"]
[Round "-"]
[White "FreitasPC"]
[Black "mmtomaz"]
[Result "1-0"]
[WhiteElo "1846"]
[BlackElo "1903"]

1. d4 d5 2. c4 e6 3. Nc3 Bb4 4. e3 Nf6 5. Nf3 O-O 6. Bd3 Nc6 7. O-O a6 8. Qc2 b5
9. cxb5 axb5 10. Nxb5 Ba6 11. Qxc6 Qd7 12. Qxd7 Nxd7 13. Rd1 Rfc8 14. a3 Be7 15.
b4 Nb6 16. Ne5 c6 17. Nc3 Bd6 18. f4 f6 19. Bxa6 Rxa6 20. Nd3 Nc4 21. Nb2 Bxb4
22. Nxc4 Bxc3 23. Bb2 dxc4 24. Bxc3 Rb8 25. Bb4 h6 26. Rac1 Rb5 27. Rxc4 e5 28.
Rc5 Rxc5 29. Bxc5 exf4 30. e4 Ra8 31. Kf2 g5 32. Rb1 Re8 33. Kf3 Kf7 34. Rb7+
Kg6 35. g3 fxg3 36. hxg3 Ra8 37. Rb6 1-0

[Event "Let's Play Chess!"]
[Site "http://www.queenalice.com/game.php?id=631826"]
[Date "2009.8.7"]
[Round "-"]
[White "mmtomaz"]
[Black "exterminator206"]
[Result "1-0"]
[WhiteElo "1890"]
[BlackElo "1100"]

1. e4 e5 2. Bc4 h6 3. Qf3 Nf6 4. Nc3 Bb4 5. Nd5 O-O 6. Nxb4 d6 7. h3 Nbd7 8. Qe3
Nc5 9. d3 a6 10. Nf3 Qd7 11. Bd2 a5 12. Nd5 Qd8 13. O-O-O c6 14. Nxf6+ Qxf6 15.
d4 Ne6 16. dxe5 dxe5 17. Bc3 Ng5 18. Nxe5 Be6 19. Nd7 Bxd7 20. Bxf6 1-0

[Event "Let's Play Chess!"]
[Site "http://www.queenalice.com/game.php?id=650016"]
[Date "2009.9.10"]
[Round "-"]
[White "REDWOLF"]
[Black "mmtomaz"]
[Result "0-1"]
[WhiteElo "1606"]
[BlackElo "1883"]

1. e4 e5 2. Nf3 Nc6 3. Nc3 Nf6 4. Bc4 Bc5 5. O-O O-O 6. Nb5 Nxe4 7. c3 a6 8. Na3
d6 9. Bd5 Nf6 10. b4 Bb6 11. Bxc6 bxc6 12. h3 a5 13. d4 Nd5 14. dxe5 Nxc3 15.
Qd3 axb4 16. Nc4 dxe5 17. Nfxe5 Qxd3 18. Nxd3 Bd4 19. Kh2 Be6 20. Nd2 Nxa2 21.
Rb1 Bc3 22. Ne4 Bf5 0-1

[Event "Busy?"]
[Site "http://www.queenalice.com/game.php?id=665165"]
[Date "2009.10.10"]
[Round "-"]
[White "mmtomaz"]
[Black "schmooster"]
[Result "1-0"]
[WhiteElo "1888"]
[BlackElo "1461"]

1. e4 c6 2. Nc3 d5 3. exd5 cxd5 4. Bb5+ Nc6 5. Nf3 a6 6. Ba4 e6 7. d4 Bb4 8. O-O
Nf6 9. Bg5 Qa5 10. Bxc6+ bxc6 11. Ne5 Bb7 12. Qf3 Qb6 13. Bxf6 Bxc3 14. Bxg7
O-O-O 15. Qxf7 Bxd4 16. Qxe6+ Kb8 17. Nd7+ Rxd7 18. Qxd7 Bxg7 19. Qxg7 Rd8 20.
h4 Qc5 21. c3 Rf8 22. b4 Qd6 23. Qg3 Qxg3 24. fxg3 Rxf1+ 25. Rxf1 Ka7 26. Rf7 h5
27. Rh7 Kb6 28. a4 a5 29. Rxh5 axb4 30. cxb4 c5 31. bxc5+ Kxc5 32. Kf2 Kc4 33.
Ke1 Kc3 34. Kd1 d4 35. Rb5 Bxg2 36. Rc5+ Kb4 37. Rc2 Bf3+ 38. Kd2 Be4 39. Ra2 d3
40. a5 Kc4 41. h5 Kb3 42. Ra1 Kb2 43. Re1 Bg6 44. h6 Bh5 45. h7 Bd1 46. h8=Q+
Ka2 47. a6 Ba4 48. a7 Bd1 49. a8=Q+ Kb3 50. Qc3# 1-0